Charakterizácia enzýmových aktivít v pôdach odobratých z okolia solitérnych drevín

Guardado en:
Detalles Bibliográficos
Autor principal: Horbatenko, Karyna (Autor)
Otros Autores: Šimkovič, Martin (Orientador)
Formato: Manuscrito Libro
Lenguaje:eslovaco
Publicado: 2024
Materias:
Acceso en línea:http://is.stuba.sk/zp/portal_zp.pl?podrobnosti=182642
Etiquetas: Agregar Etiqueta
Sin Etiquetas, Sea el primero en etiquetar este registro!

MARC

LEADER 00000ntm a22000003a 4500
001 stuzp99448
003 SK-STU
005 20240622211000.2
007 ta
008 150427s2015----xo-----f-mn---000-0-slo-d
040 |a STU  |b slo 
041 0 |a slo 
100 1 |a Horbatenko, Karyna  |u 043000  |4 aut  |U FCHPT Fakulta chemickej a potravinárskej technológie  |T FCHPT Ústav biochémie a mikrobiológie  |X 105432  |U C3000  |Y 101  |7 105432 
242 0 1 |a Characterization of enzyme activities in soils sampled from the surroundings of solitary trees  |y eng 
245 1 0 |a Charakterizácia enzýmových aktivít v pôdach odobratých z okolia solitérnych drevín 
260 |c 2024 
650 4 |a ekosystémy  |2 slo 
650 4 |a fluorescenčná metóda  |2 slo 
650 4 |a kolobeh živín  |2 slo 
650 4 |a mikroorganizmy  |2 slo 
650 4 |a pôda  |2 slo 
650 4 |a pôdna mikrobiológia  |2 slo 
650 4 |a pôdne enzýmy  |2 slo 
650 4 |a aktivity enzýmov  |2 slo 
650 4 |a soil microbiology  |2 eng 
650 4 |a soil enzymes  |2 eng 
650 4 |a soil  |2 eng 
650 4 |a enzyme activities  |2 eng 
650 4 |a fluorescence method  |2 eng 
650 4 |a nutrient cycling  |2 eng 
650 4 |a microorganisms  |2 eng 
700 1 |a Šimkovič, Martin  |u 043000  |k Z1  |4 ths  |U FCHPT Fakulta chemickej a potravinárskej technológie  |T FCHPT Ústav biochémie a mikrobiológie  |X 3961  |U C3000  |Y 101  |7 A000003961 
856 4 |u http://is.stuba.sk/zp/portal_zp.pl?podrobnosti=182642